[Event "Novosibirsk Sukharev Memorial Seniors"]
[Site "Novosibirsk"]
[Date "2011.07.21"]
[Round "4"]
[White "Popova, Adelanda"]
[Black "Glazkov, Leonid"]
[Result "0-1"]
[WhiteElo "1626"]
[BlackElo "1921"]
[PlyCount "106"]
[EventDate "2011.07.18"]
[EventType "swiss"]
[EventRounds "9"]
[EventCountry "RUS"]
[SourceTitle "EXT 2014"]
[Source "ChessBase"]
[SourceDate "2013.11.20"]
[SourceVersion "1"]
[SourceVersionDate "2013.11.20"]
[SourceQuality "1"]

1. d4 d5 2. e3 Nf6 3. Nc3 c6 4. Bd3 g6 5. h3 Bf5 6. Nge2 Bxd3 7. Qxd3 Bg7 8. 0-0 0-0 9. a3 Nbd7 10. f4 e6 11. b4 a6 12. Bd2 Nb6 13. Ng3 Nc4 14. Bc1 Nd7 15. Nce2 f5 16. Rb1 b5 17. Qd1 a5 18. c3 axb4 19. axb4 Ndb6 20. Rf3 Bf6 21. Nf1 Rf7 22. Nd2 Nxd2 23. Bxd2 Rfa7 24. Nc1 Nc4 25. Nb3 Ra2 26. Be1 Be7 27. Nd2 Nd6 28. Nb3 Ne4 29. Nc1 Ra1 30. Nb3 R1a3 31. Qc1 Ra2 32. Rb2 R2a6 33. Rf1 Bh4 34. Qc2 Be7 35. Nd2 R8a7 36. Nxe4 dxe4 37. Qe2 Qd5 38. Bd2 Ra2 39. Rfb1 R2a3 40. Kh2 Ra1 41. Qf1 Rxb1 42. Rxb1 Ra2 43. Qe2 Qd7 44. Qd1 Qa7 45. Bc1 Bd6 46. Qb3 Kf7 47. Bb2 g5 48. g3 Qa4 49. Qxa4 bxa4 50. h4 a3 51. Ra1 Rxb2+ 52. Kg1 a2 53. Rc1 Rb1 0-1

[Event "Novosibirsk Region-ch sf"]
[Site "Novosibirsk"]
[Date "2010.10.18"]
[Round "3"]
[White "Likhomanov, Alexey"]
[Black "Glazkov, Leonid"]
[Result "1/2-1/2"]
[WhiteElo "1964"]
[BlackElo "1948"]
[PlyCount "71"]
[EventDate "2010.??.??"]
[EventType "swiss"]
[EventRounds "9"]
[EventCountry "RUS"]
[SourceTitle "EXT 2014"]
[Source "ChessBase"]
[SourceDate "2013.11.20"]
[SourceVersion "1"]
[SourceVersionDate "2013.11.20"]
[SourceQuality "1"]

1. d4 d5 2. Nf3 Nf6 3. c4 dxc4 4. Nc3 e6 5. e3 c5 6. Bxc4 a6 7. a4 Nc6 8. 0-0 Be7 9. Qe2 cxd4 10. Rd1 e5 11. exd4 exd4 12. Be3 Bg4 13. Bxf7+ Kxf7 14. Qc4+ Kf8 15. Ng5 Qe8 16. Bxd4 Nxd4 17. Rxd4 b5 18. Qa2 h6 19. Nge4 Bd7 20. axb5 Bxb5 21. Nd5 Qf7 22. Nxe7 Qxe7 23. Nd6 Rd8 24. Rad1 g6 25. Nxb5 Rxd4 26. Nxd4 Kg7 27. Qxa6 Rd8 28. Ne6+ Qxe6 29. Qb7+ Rd7 30. Rxd7+ Qxd7 31. Qb3 h5 32. h3 Qd5 33. Qc3 Kf7 34. b4 Qd1+ 35. Kh2 Qd6+ 36. Kg1 1/2-1/2

[Event "Novosibirsk Seniors op"]
[Site "Novosibirsk"]
[Date "2010.09.28"]
[Round "4"]
[White "Migunov, Vladislav"]
[Black "Glazkov, Leonid"]
[Result "0-1"]
[WhiteElo "1854"]
[BlackElo "1948"]
[PlyCount "72"]
[EventDate "2010.09.24"]
[EventType "swiss"]
[EventRounds "9"]
[EventCountry "RUS"]
[SourceTitle "EXT 2014"]
[Source "ChessBase"]
[SourceDate "2013.11.20"]
[SourceVersion "1"]
[SourceVersionDate "2013.11.20"]
[SourceQuality "1"]

1. e4 c5 2. d4 cxd4 3. c3 dxc3 4. Nxc3 a6 5. Bc4 e6 6. Nf3 b5 7. Bb3 Bb7 8. Qe2 Nc6 9. 0-0 d6 10. Rd1 Qb8 11. Bf4 Ne5 12. Rac1 Nxf3+ 13. gxf3 Be7 14. Qd3 e5 15. Be3 Nf6 16. a4 0-0 17. axb5 axb5 18. Ne2 b4 19. Ng3 Ba6 20. Qd2 Bc8 21. h4 Be6 22. Bxe6 fxe6 23. h5 h6 24. Kg2 d5 25. exd5 Nxd5 26. Rc6 Rd8 27. Qc1 Rc8 28. Qc4 Qb7 29. Rc1 Rxc6 30. Qxc6 Qxc6 31. Rxc6 Kf7 32. Ne4 Ra2 33. Rc2 b3 34. Re2 Nb4 35. Nc5 Bxc5 36. Bxc5 Nd3 0-1

[Event "Novosibirsk Seniors op"]
[Site "Novosibirsk"]
[Date "2010.09.25"]
[Round "2"]
[White "Glazkov, Leonid"]
[Black "Volkov, Petr"]
[Result "1/2-1/2"]
[WhiteElo "1948"]
[BlackElo "2064"]
[PlyCount "49"]
[EventDate "2010.09.24"]
[EventType "swiss"]
[EventRounds "9"]
[EventCountry "RUS"]
[SourceTitle "EXT 2014"]
[Source "ChessBase"]
[SourceDate "2013.11.20"]
[SourceVersion "1"]
[SourceVersionDate "2013.11.20"]
[SourceQuality "1"]

1. d4 d5 2. c4 dxc4 3. e3 a6 4. Bxc4 e6 5. a4 Nf6 6. Nf3 c5 7. 0-0 Nc6 8. Nc3 Be7 9. Qd3 Nb4 10. Qe2 0-0 11. Rd1 Qc7 12. e4 cxd4 13. Nxd4 e5 14. Nf3 Bg4 15. Be3 Rad8 16. Bb3 Bh5 17. Rac1 Rxd1+ 18. Rxd1 Rd8 19. Rxd8+ Qxd8 20. Bc4 Ng4 21. Nd5 Nxd5 22. Bxd5 Nxe3 23. Qxe3 Qc7 24. Qc3 Qxc3 25. bxc3 1/2-1/2

[Event "Novosibirsk Sukharev Memorial Seniors"]
[Site "Novosibirsk"]
[Date "2010.07.24"]
[Round "7"]
[White "Norchenko, Konstantin Grigorie"]
[Black "Glazkov, Leonid"]
[Result "1/2-1/2"]
[WhiteElo "2025"]
[BlackElo "1976"]
[PlyCount "62"]
[EventDate "2010.07.18"]
[EventType "swiss"]
[EventRounds "9"]
[EventCountry "RUS"]
[SourceTitle "EXT 2011"]
[Source "ChessBase"]
[SourceDate "2010.11.26"]
[SourceVersion "1"]
[SourceVersionDate "2010.11.26"]
[SourceQuality "1"]

1. Nf3 d5 2. d4 Nf6 3. g3 c6 4. Bg2 Bf5 5. 0-0 h6 6. Nbd2 e6 7. Ne5 Nbd7 8. Nxd7 Qxd7 9. Nb3 Bd6 10. f3 0-0 11. Re1 e5 12. e4 dxe4 13. dxe5 Bxe5 14. Qxd7 Bxd7 15. fxe4 Rfe8 16. c3 b6 17. Bf4 c5 18. Re2 Bb5 19. Re3 Rad8 20. h3 a5 21. Bxe5 Rxe5 22. Rae1 a4 23. Nc1 Rd2 24. b3 axb3 25. axb3 c4 26. Bf1 cxb3 27. Nxb3 Rb2 28. Nd4 Bxf1 29. Kxf1 Rh2 30. Nf3 Rh1+ 31. Ng1 Rh2 1/2-1/2

[Event "Novosibirsk Sukharev Memorial Seniors"]
[Site "Novosibirsk"]
[Date "2010.07.19"]
[Round "2"]
[White "Popova, Adelanda"]
[Black "Glazkov, Leonid"]
[Result "0-1"]
[WhiteElo "1650"]
[BlackElo "1976"]
[PlyCount "79"]
[EventDate "2010.07.18"]
[EventType "swiss"]
[EventRounds "9"]
[EventCountry "RUS"]
[SourceTitle "EXT 2011"]
[Source "ChessBase"]
[SourceDate "2010.11.26"]
[SourceVersion "1"]
[SourceVersionDate "2010.11.26"]
[SourceQuality "1"]

1. d4 d5 2. c4 dxc4 3. e3 e6 4. Nf3 Nf6 5. Bxc4 c5 6. dxc5 Bxc5 7. Nc3 a6 8. Qc2 b5 9. Bd3 Nbd7 10. 0-0 0-0 11. Ne4 Be7 12. Neg5 h6 13. Ne4 Bb7 14. Nxf6+ Nxf6 15. Qe2 Ne4 16. Nd2 Nxd2 17. Bxd2 Bf6 18. Bb4 Re8 19. Rac1 Qd5 20. f3 Qxa2 21. Bc3 Bxc3 22. Rxc3 Rac8 23. Rxc8 Rxc8 24. h3 Qd5 25. Bb1 Qd8 26. Rd1 Qc7 27. Qd3 g6 28. Qd4 Qc5 29. Qd2 Bd5 30. Kf2 b4 31. Bd3 a5 32. Qe2 a4 33. Ra1 a3 34. bxa3 bxa3 35. Kg3 Qc3 36. Qf1 a2 37. h4 Bb3 38. Ba6 Qe5+ 39. Kf2 Rc2+ 40. Kg1 0-1

[Event "Novosibirsk Sukharev Memorial Seniors"]
[Site "Novosibirsk"]
[Date "2010.07.18"]
[Round "1"]
[White "Glazkov, Leonid"]
[Black "Nebylitsin, Nikolai"]
[Result "0-1"]
[WhiteElo "1976"]
[BlackElo "2182"]
[PlyCount "88"]
[EventDate "2010.07.18"]
[EventType "swiss"]
[EventRounds "9"]
[EventCountry "RUS"]
[SourceTitle "EXT 2011"]
[Source "ChessBase"]
[SourceDate "2010.11.26"]
[SourceVersion "1"]
[SourceVersionDate "2010.11.26"]
[SourceQuality "1"]

1. d4 Nf6 2. Nf3 e6 3. c4 c5 4. e3 d6 5. Nc3 b6 6. Be2 Bb7 7. 0-0 Be7 8. a3 Nbd7 9. b4 0-0 10. Bb2 a6 11. Qc2 Rc8 12. Rfd1 Qc7 13. bxc5 bxc5 14. d5 e5 15. e4 g6 16. h3 Nh5 17. g3 Rce8 18. Bc1 Bc8 19. Bh6 Ng7 20. g4 Nf6 21. Ng5 Qd8 22. Qd2 Kh8 23. f4 Ng8 24. Bxg7+ Kxg7 25. Nf3 exf4 26. Qxf4 Bf6 27. Rac1 h6 28. Rf1 g5 29. Qd2 Ne7 30. Bd1 Ng6 31. Re1 Nf4 32. Kh2 h5 33. Kg3 hxg4 34. hxg4 Qd7 35. Nh4 gxh4+ 36. Kxf4 Qe7 37. Kf3 Bg5 38. Qc2 Qe5 39. Ne2 Qf6+ 40. Kg2 h3+ 41. Kg3 Bh4+ 42. Kxh3 Qf3+ 43. Kxh4 Rh8+ 44. Kg5 Qf6# 0-1

[Event "Novosibirsk op"]
[Site "Novosibirsk"]
[Date "2010.06.12"]
[Round "9"]
[White "Glazkov, Leonid"]
[Black "Beljdy, Alexander"]
[Result "1-0"]
[WhiteElo "1960"]
[BlackElo "1922"]
[PlyCount "81"]
[EventDate "2010.06.03"]
[EventType "swiss"]
[EventRounds "9"]
[EventCountry "RUS"]
[SourceTitle "CBM 136 Extra"]
[Source "ChessBase"]
[SourceDate "2010.07.02"]
[SourceVersion "2"]
[SourceVersionDate "2010.07.15"]
[SourceQuality "1"]

1. d4 d5 2. c4 e6 3. Nc3 Nf6 4. cxd5 exd5 5. Bg5 Be7 6. e3 Nbd7 7. Nf3 0-0 8. Bd3 c6 9. Qc2 Re8 10. 0-0 Nf8 11. Rab1 Nh5 12. Bxe7 Qxe7 13. b4 a6 14. a4 Nf6 15. b5 axb5 16. axb5 Qd6 17. bxc6 bxc6 18. Rb6 N8d7 19. Nb5 Qe7 20. Rxc6 Rd8 21. Nd6 Nb6 22. Nxc8 Raxc8 23. Bf5 Rxc6 24. Qxc6 Rd6 25. Qb5 Qc7 26. Ne5 g6 27. Bd3 Kg7 28. h3 h5 29. Rb1 Ne4 30. Bxe4 dxe4 31. Nc6 Na4 32. Nd8 Nc5 33. Nxf7 Kxf7 34. dxc5 Rc6 35. Rc1 Ke6 36. f4 Kf5 37. g3 g5 38. Kf2 g4 39. hxg4+ Kxg4 40. Rh1 Rh6 41. Rh4+ 1-0

[Event "Novosibirsk op"]
[Site "Novosibirsk"]
[Date "2010.06.04"]
[Round "2"]
[White "Glazkov, Leonid"]
[Black "Glukhov, Mikhail"]
[Result "0-1"]
[WhiteElo "1960"]
[BlackElo "2204"]
[PlyCount "64"]
[EventDate "2010.06.03"]
[EventType "swiss"]
[EventRounds "9"]
[EventCountry "RUS"]
[SourceTitle "CBM 136 Extra"]
[Source "ChessBase"]
[SourceDate "2010.07.02"]
[SourceVersion "2"]
[SourceVersionDate "2010.07.15"]
[SourceQuality "1"]

1. d4 d5 2. c4 e6 3. Nc3 c5 4. e3 Nf6 5. Nf3 Nc6 6. a3 a6 7. dxc5 Bxc5 8. b4 Ba7 9. Bb2 0-0 10. cxd5 exd5 11. Be2 Bf5 12. 0-0 Re8 13. Rc1 Rc8 14. b5 axb5 15. Nxb5 Bb8 16. Bxf6 Qxf6 17. Qxd5 Be4 18. Qa2 Bxf3 19. gxf3 Bxh2+ 20. Kxh2 Qh4+ 21. Kg2 Qg5+ 22. Kh2 Re6 23. Qxe6 fxe6 24. f4 Qh4+ 25. Kg2 Rf8 26. Rh1 Qe7 27. Bd3 g6 28. Bc4 Kg7 29. Rh3 e5 30. fxe5 Qxe5 31. Bd3 Qd5+ 32. e4 Qg5+ 0-1

[Event "Novosibirsk April op"]
[Site "Novosibirsk"]
[Date "2010.04.05"]
[Round "3"]
[White "Glazkov, Leonid"]
[Black "Faleev, Vasily"]
[Result "0-1"]
[WhiteElo "1986"]
[BlackElo "1937"]
[PlyCount "60"]
[EventDate "2010.04.02"]
[EventType "swiss"]
[EventRounds "9"]
[EventCountry "RUS"]
[SourceTitle "EXT 2011"]
[Source "ChessBase"]
[SourceDate "2010.11.26"]
[SourceVersion "1"]
[SourceVersionDate "2010.11.26"]
[SourceQuality "1"]

1. d4 d5 2. Nf3 Bg4 3. Nbd2 Nf6 4. g3 Nc6 5. c3 Ne4 6. Bg2 h5 7. h3 Bf5 8. Nh4 Bh7 9. Nxe4 dxe4 10. Bf1 Qd5 11. Qb3 Qxb3 12. axb3 f6 13. e3 a6 14. Be2 Bg8 15. Ng6 Rh6 16. Nxf8 Kxf8 17. b4 g5 18. h4 g4 19. b5 Nb8 20. b4 c6 21. bxa6 b5 22. a7 Nd7 23. Ra6 Bd5 24. Kd2 Ke8 25. Bb2 Kd8 26. Rc1 Kc7 27. c4 bxc4 28. Bxc4 Bxc4 29. Rxc4 Nb6 30. b5 Nxc4+ 0-1

[Event "Novosibirsk November op"]
[Site "Novosibirsk"]
[Date "2009.11.27"]
[Round "8"]
[White "Chaschin, Nikolay"]
[Black "Glazkov, Leonid"]
[Result "1-0"]
[WhiteElo "1844"]
[BlackElo "2144"]
[PlyCount "133"]
[EventDate "2009.11.16"]
[EventType "swiss"]
[EventRounds "9"]
[EventCountry "RUS"]
[SourceTitle "EXT 2011"]
[Source "ChessBase"]
[SourceDate "2010.11.26"]
[SourceVersion "1"]
[SourceVersionDate "2010.11.26"]
[SourceQuality "1"]

1. d4 d5 2. c4 dxc4 3. Nc3 e5 4. Nf3 exd4 5. Qxd4 Qxd4 6. Nxd4 a6 7. a4 c5 8. Nf3 Be6 9. Ng5 Nc6 10. Nxe6 fxe6 11. Bd2 Nf6 12. e3 Na5 13. Rd1 Be7 14. Be2 Rb8 15. Nb1 Bd8 16. Na3 b5 17. 0-0 Ne4 18. Be1 Ke7 19. Rxd8 Rhxd8 20. Bxa5 Rd7 21. f3 Nd2 22. Rd1 Nb3 23. Rxd7+ Kxd7 24. Be1 g6 25. Bg3 Rb7 26. Be5 Nc1 27. Bd1 Nd3 28. f4 Nxe5 29. fxe5 Rb8 30. Bc2 Kc7 31. axb5 axb5 32. Kf2 Kb6 33. Be4 Ka5 34. Bc2 Kb4 35. Nb1 Ra8 36. Nc3 Ra1 37. h3 Ka5 38. Ke2 b4 39. Nd1 Ra2 40. Bb1 Ra1 41. Bc2 Kb5 42. h4 Ra7 43. Be4 Rd7 44. g4 Rf7 45. h5 gxh5 46. gxh5 h6 47. Bg6 Rg7 48. Kd2 Kc6 49. e4 Kd7 50. Ne3 c3+ 51. bxc3 bxc3+ 52. Kxc3 Rg8 53. Ng4 Rh8 54. Kc4 Ke7 55. Kxc5 Rc8+ 56. Kd4 Rh8 57. Ke3 Kf8 58. Nf6 Ke7 59. Ng4 Kf8 60. Kd4 Ke7 61. Kc5 Rc8+ 62. Kb6 Rb8+ 63. Kc7 Rb5 64. Nxh6 Rxe5 65. Nf7 Rc5+ 66. Kb6 Rg5 67. Nxg5 1-0

[Event "Novosibirsk November op"]
[Site "Novosibirsk"]
[Date "2009.11.26"]
[Round "7"]
[White "Ivanov, Albert"]
[Black "Glazkov, Leonid"]
[Result "1/2-1/2"]
[WhiteElo "1730"]
[BlackElo "2144"]
[PlyCount "131"]
[EventDate "2009.11.16"]
[EventType "swiss"]
[EventRounds "9"]
[EventCountry "RUS"]
[SourceTitle "EXT 2011"]
[Source "ChessBase"]
[SourceDate "2010.11.26"]
[SourceVersion "1"]
[SourceVersionDate "2010.11.26"]
[SourceQuality "1"]

1. c4 Nf6 2. Nc3 e6 3. g3 d5 4. cxd5 exd5 5. Bg2 c6 6. d4 Bf5 7. Nf3 h6 8. a3 Bd6 9. 0-0 0-0 10. Nd2 Nbd7 11. e4 dxe4 12. Ndxe4 Nxe4 13. Nxe4 Be7 14. Be3 Re8 15. Nc3 Bg5 16. Re1 Nb6 17. Bxg5 Qxg5 18. Qb3 Be6 19. Qc2 Red8 20. Rad1 Rd7 21. f4 Qd8 22. Qf2 Bg4 23. Ne2 Re7 24. h3 Bxe2 25. Rxe2 Rxe2 26. Qxe2 Qd7 27. Kh2 Re8 28. Qd3 Nd5 29. Qd2 Qe6 30. Bf3 Qe3 31. Bxd5 cxd5 32. Qxe3 Rxe3 33. Rd2 Kf8 34. Kg2 Ke7 35. Kf2 Rb3 36. Rc2 Kd6 37. Rd2 g6 38. Kg2 Kc6 39. Rc2+ Kb6 40. g4 Kb5 41. Kh2 Rd3 42. Rc5+ Ka4 43. Rxd5 Rd2+ 44. Kg3 Rxb2 45. f5 gxf5 46. Rxf5 Kxa3 47. Ra5+ Kb4 48. Rxa7 Kc4 49. Ra4+ Kd5 50. Kf4 b5 51. Ra7 b4 52. Rd7+ Ke6 53. Rb7 b3 54. Ke3 Rh2 55. Kd3 Rxh3+ 56. Kd2 h5 57. gxh5 Kd5 58. Rb4 f5 59. h6 Rxh6 60. Rxb3 Kxd4 61. Rb4+ Ke5 62. Ke2 Rh3 63. Kf2 f4 64. Kg2 Ra3 65. Kf2 Kf5 66. Rb8 1/2-1/2